Statistics for All Arcaea Songs

Click here to take the quiz!

General Stats

  • This quiz has been taken 325 times
    (4 since last reset)
  • The average score is 328 of 400

Answer Stats

HintAnswer% Correct
Frumsμ
100%
Cytus͟͝͞Ⅱ́̕
100%
Kolaa & 熊子〇、
100%
f→n0xe0e1ccull
100%
WHITEFISTS1F√
100%
かめりあ(EDP)#1f1e33
100%
穴山大輔 VS 光吉猛修 VS Kaiω4
100%
Sta99 Glooms
100%
Ashrount vs. 打打だいずAbstruse Dilemma
100%
Silentroom vs FrumsAegleseeker
100%
FeryquitousAi Drew
100%
LeaFAleph-0
100%
kamome sano & youAltair (feat. *spiLa*)
100%
WAiKUROAMAZING MIGHTYYYY!!!!
100%
nitroamygdata
100%
Jun KurodaAnökumene
100%
Yooh vs. siromaruAntagonism
100%
BlacklolitaAntithese
100%
FeryquitousArcahv
100%
Team Grimoire vs Sakuzyo vs LaurArcana Eden
100%
Feryquitous vs LaurArghena
100%
TANUKIAscent
100%
かめりあAttraqtiA
100%
溝口ゆうま feat. 大瀬良あいAurgelmir
100%
Supa7onyzAwaken in Ruins
100%
ak+qAxium Crisis
100%
cYsmixBabaroque
100%
EBIMAYOBADTEK
100%
立秋 feat. ちよこBamboo
100%
nora2rB.B.K.K.B.K.K.
100%
DJ MyosukeBlack Territory
100%
Massive New KrewBlaster
100%
StaBLRINK
100%
KobaryoBookmaker (2D Version)
100%
U-skeBrand new world
100%
Nikki SimmonsBullet Waiting for Me (James Landino remix)
100%
t+pazolite vs FeryquitousCallima Karma
100%
かめりあ feat. ななひらCan I Friend You on Bassbook? Lol
100%
ÆsirCHAOS
100%
ていぬChromafill
100%
LimeChronicle
100%
黒皇帝Chronostasis
100%
USAOClimax
100%
しーけーClotho and the stargazer
100%
siromaru + crankyconflict
100%
cybermisocorps-sans-organes
100%
3R2Corruption
100%
NhatoCosmica
100%
Dimier√LisbCrimson Throne
100%
HyuN feat. SyepiasCROSS†SOUL
100%
Laurcry of viyella
100%
Tanchiky vs. siromaruCrystal Gravity
100%
USAOCyaegha
100%
TanchikyCybernecia Catharsis
100%
Ino(chronoize)Dancin' on A Cat's Paw
100%
FarhanDandelion
100%
Team GrimoireDantalion
100%
はがねDDD
100%
TeddyLoid feat. DELTADefection
100%
CosmographDement ~after legend~
100%
MisomyLDésive
100%
SakuzyoDistorted Fate
100%
onoken
felys final remix
100%
yohoDivine Light of Myriad
100%
polysha feat. 高城みよ
Logos
100%
くるぶっこちゃん
Primeval Texture
100%
U-ske feat. 棗いつき
WAIT FOR DAWN
100%
Frumsdropdead
100%
"漆黒"の堕天使《Gram》†Versus† "聖刻"の熾天使《Gram》eden
100%
BlackY feat. Riza Yuzuki
Ego Eimi
100%
DJ Genki vs GramEinherjar Joker
100%
linear ringenchanted love
100%
TanchikyENERGY SYNERGY MATRIX
100%
MaozonEquilibrium
100%
ak+qEssence of Twilight
100%
Akira ComplexEther Strike
100%
chitoseFairytale
100%
影虎。 & ikaruga_nexFalse Embellishment
100%
technoplanet feat. はるの & 黒沢ダイスケFar Away Light
100%
M2UFelis
100%
SakuzyoFracture Ray
100%
YUKIYANAGIFREEF4LL
100%
t+pazoliteGarakuta Doll Play
100%
Iris | Morrigan feat.LilyGenesis
100%
C-ShowGIMME DA BLOOD
100%
ztsgoldenslaughterer
100%
YoohGood bye, Merry-Go-Round.
100%
EBIMAYOGOODTEK (Arcaea Edit)
100%
Team Grimoire vs LaurGrievous Lady
100%
xiHalcyon
100%
saaa ft. MC iwata Bros.Head BONK ache
100%
削除 (Violin : Katali)Heart
100%
LeaFHeavensdoor
100%
暁RecordsHELLOHELL
100%
かたぎりHIVEMIND
100%
かたぎりHIVEMIND INTERLINKED
100%
qfeileadh feat.のあHybris (The one who shattered)
100%
YamajetIconoclast
100%
ak+qIgnotus
100%
Arcaea Sound TeamIgnotus Afterburn
100%
BlackYooh vs. siromaruInfinite Strife,
100%
HyuNInfinity Heaven
100%
kamome sanoinit()
100%
Powerless feat. Sennzai
Innocence
100%
Tatsh
IONOSTREAM
100%
CombatplayerI've heard it said
100%
t+pazolite vs P*LightIZANA
100%
南ゆにKanagawa Cyber Culvert
100%
REDALiCE vs DJ Myosuke feat. DELUTAYAKYOREN ROMANCE
100%
SHIKILapis
100%
onokenLast
100%
Laur vs CKLast Celebration
100%
ztslastendconductor
100%
onokenLast | Eternity
100%
onokenLast | Moment
100%
riderLeave All Behind
100%
siqloLethal Voltage
100%
JunkLife is PIANO
100%
anubasu-anubasuLive Fast Die Young
100%
かめりあ feat. STΔRLIVHTLIVHT MY WΔY
100%
BlackY feat. Risa YuzukiLöschen
100%
Laur vs CKLost Civilization
100%
Powerless feat. SennzaiLost Desire
100%
かねこちはるLoveless Dress
100%
Akira Complex vs 3R2Lucid Traveler
100%
chitoseLucifer
100%
sky_deltaLumia
100%
Apo11o program ft. 大瀬良あいLunarOrbit -believe in the Espebranch road-
100%
r0yLuna Rossa
100%
JAKAZiDMacrocosmic Modulation
100%
M2U Vocal by GiririMagnolia
100%
s-donMalicious Mischance
100%
Srav3R & DJ NorikenMasquerade Legion
100%
EBIMAYOMAXRAGE
100%
アリスシャッハと魔法の楽団Maze No.9
100%
Frumsmemoryfactory.lzh
100%
ETIA.Memory Forest
100%
DJ NorikenMeta-Mysteria
100%
TAK × ZekkMIRINAE
100%
光吉猛修 VS 穴山大輔Misdeed -la bonté de Dieu et l'origine du mal-
100%
s-don vs nitro (lowiro)Mistempered Malignance
100%
polyshaMonochrome Princess
100%
saaaMORNINGLOOM
100%
天束 feat.SennzaiNameless Passion
100%
saaa + kei_iwata + stuv + わかどりNew York Back Raise
100%
uma feat. 橘花音next to you
100%
SilentroomNhelv
100%
SilentroomNULCTRL
100%
SaiphOblivia
100%
ETIA.On and On!! feat. Jenga
100%
REDSHiFTOne Last Drive
100%
Cranky VS MASAKIouroboros -twin stroke of the end-
100%
USAO & DJ Genki feat. ルーン(CV:河瀬茉希)Ouvertüre
100%
fnoverdead.
100%
xiOverwhelm
100%
Yu-dachiPaper Witch
100%
Virtual SelfParticle Arts
100%
モリモリあつしParty Vinyl
100%
Nothing But Requiem with MuseoPentiment
100%
YunosukePhantasia
100%
t+pazolite,ななひら,Cranky,Pico*PICO-Pico-Translation!
100%
LaurPRAGMATISM
100%
LaurPRAGMATISM -RESURRECTION-
100%
TAGPRIMITIVE LIGHTS
100%
bermei.inazawa ft. ChataPrism
100%
SilentroomProtoflicker
100%
モリモリあつしPUPA
100%
HommarjuPurple Verse
100%
owl*treeQovat
100%
nitroqualia -ideaesthesia-
100%
DJ Noriken | FeryquitousQuon
100%
Rabbit HouseRabbit In The Black Room
100%
みーに feat. はらもりよしなRaven's Pride
100%
SilentroomRed and Blue
100%
SanaasRedolent Shape
100%
MisomyLRedraw the Colorless World
100%
Akira ComplexRelentless
100%
MEMODEMO X AQUASINERGB
100%
EdelritterRinged Genesis
100%
CombatplayerRise
100%
cosMo@暴走PRise of the World
100%
Feryquitous feat.SennzaiRugie
100%
REDALiCE vs USAOSAIKYO STRONGER
100%
StreetSakura Fubuki
100%
ユアミトスsan skia
100%
REDSHiFTSayonara Hatsukoi
100%
Laur feat. SennzaiSeclusion
100%
ak+qShades of Light in a Transcendent Realm
100%
Team GrimoireSheriruth
100%
LaurSheriruth (Laur Remix)
100%
ETIA.Singularity
100%
Arcaea Sound Team against ETIA.Singularity VVVIP
100%
PuruSnow White
100%
ak+q feat. SennzaiSolitary Dream
100%
HATESOUNDWiTCH
100%
きくお×cosMo@暴走P feat. 影縫英Spider's Thread
100%
MaozonStasis
100%
YoohStrongholds
100%
ぺのれりSulfur
100%
AireSuomi
100%
BACOSUPERNOVA
100%
MitomoroSyro
100%
Apo11o"COLLAPSAR"program ft. 大瀬良あいsyūten
100%
MaozonTechnicolour
100%
t+pazoliteTempestissimo
100%
かねこちはるTEmPTaTiON
100%
KataliTeraVolt
100%
Aoiαterlβus
100%
void (Mournfinale) feat. 星熊南巫Testify
100%
Jun KurodaThe Message
100%
モリモリあつしTo: Alice Liddell
100%
ChromaTo the Milky Way
100%
PuruTrap Crow
100%
gmtn.trappola bewitching
100%
A/ITurbocharger
100%
nitro (lowiro)ultradiaxon-N3
100%
Yuta ImaiUNKNOWN LEVELS
100%
AshrountVandalism
100%
WHITEFISTSVECTOЯ
100%
ak+qVexaria
100%
KobaryoVicious [ANTi] Heroism
100%
KobaryoVicious Heroism
100%
LaurVindication
100%
打打だいずWish Upon a Snow
100%
sasakure.UK × TJ.hangneilWorld Ender
100%
xiWorld Fragments III(radio edit)
100%
Blacklolita[X]
100%
A.SAKAYosakura Fubuki
100%
Sober BearΟΔΥΣΣΕΙΑ
67%
削除7thSense
67%
WAiKUROAlexandrite
67%
SakuzyoAltale
67%
Arik Kau Delay (アラ & かゆき & でり)AlterAle
67%
荒谷サトルAmekagura
67%
paraokaAstra walkthrough
67%
Sampling Masters MEGAAvant Raze
67%
Rigel TheatreÄvril -Flicka i krans-
67%
TANO*C Sound TeamBATTLE NO.1
67%
Takahiro EguchiBeside You
67%
wa.Black Lotus
67%
影虎。Blocked Library
67%
T2KazuyaBlossoms
67%
ああああblue comet
67%
CosmographBlue Rose
67%
REDALiCE vs MASAKIBUCHiGiRE Berserker
67%
ARForestCapella
67%
Glitch DroidsCoastal Highway
67%
KOTONOHOUSEcocoro*cosmetic
67%
ナユタン星人Cosmo Pop Funclub
67%
HyuN feat. LyuUCROSS†OVER
67%
jioyicyanine
67%
Masayoshi Minoshima feat. 綾倉盟CYCLES
67%
CosmographDataErr0r
67%
3R2Devillic Sphere
67%
七草くりむDialnote
67%
KolaaDiode
67%
La prière
Galactic Love
67%
Masayoshi Minoshima(ALR)
Lost Emotion feat. nomico
67%
Nhato
Remind the Souls (Short Version)
67%
Masayoshi Minoshima(ALR)
SACRIFICE feat. ayame
67%
onokenDRG
67%
ProwerDynitikós
67%
StreetEmpire of Winter
67%
Freezer feat. 妃莓Evening in Scarlet
67%
Arch vs n3puEvoltex (poppi'n mix)
67%
Moon Jelly & YUKIYANAGIFANTA5Y
67%
PuruFilament
67%
LimeFinal Step!
67%
黒魔First Snow
67%
ARForestFlashback
67%
baker feat. botanFloating World
67%
KobaryoFLUFFY FLASH
67%
アリスシャッハと魔法の楽団Flyburg and Endroll
67%
lapix feat. mamiFree Myself
67%
NhatoGekka (Short Version)
67%
-45G e n g a o z o
67%
DJ MyosukeGENOCIDER
67%
Ms.SillGIMMICK
67%
uma vs. モリモリあつしGLORY : ROAD
67%
SPACELECTROGlow
67%
E.G.G.Got hive of Ra
67%
PuruGrimheart
67%
A-zu-raHarutopia ~Utopia of Spring~
67%
karatoPanchii feat. はるのHaze of Autumn
67%
Yu_AsahinaHeart Jackin'
67%
NoahHeavenly caress
67%
nayuta x 黒鳥 (EastNewSound)Hiiro Gekka, Kyoushou no Zetsu (nayuta 2017 ver.)
67%
THBHikari
67%
Endorfin.Hotarubi no Yuki
67%
光吉猛修Ikazuchi
67%
gmtn. (witch's slave)Illegal Paradise
67%
USAO feat. 光吉猛修IMPACT
67%
DIAinkar-usi
67%
Aiobahn feat. KOTOKOINTERNET OVERDOSE
67%
Aiobahn feat. KOTOKO
INTERNET YAMERO
67%
DJ NorikenJingle
67%
ARForestJourney
67%
ARM+夕野ヨシミ (IOSYS) feat. mikoKanbu de Tomatte Sugu Tokeru
67%
DemetoriKanjou no Matenrou ~Arr.Demetori
67%
ETIA.Kissing Lucifer
67%
BlackYLAMIA
67%
DJ NorikenLa'qryma of the Wasteland
67%
La prièreLawless Point
67%
SilentroomLethaeus
67%
ikaruga_nex vs FALCHiONLet's Rock (Arcaea mix)
67%
nitro (lowiro)Let you DIVE! (nitro rmx)
67%
ZekkLibertas
67%
HiTECH NINJALightning Screw
67%
Ayatsugu_OtowaLights of Muse
67%
FELTLost in the Abyss
67%
ZekkMAHOROBA
67%
ルゼManic Jeer
67%
Akira Complex feat. kirakuMANTIS (Arcaea Ultra-Bloodrush VIP)
67%
aranMazy Metroplex
67%
HiTECH NINJAMedusa
67%
翡乃イスカMoonheart
67%
旅人EMoonlight of Sand Castle
67%
SOUNDHOLIC feat. Nana TakahashiNEO WINGS
67%
しーけーNirv lucE
67%
ak+q × Streetnέo κósmo
67%
NULL APOPHENIA
67%
t+pazoliteOshama Scramble!
67%
Sound SoulerParadise
67%
お月さま交響曲Purgatorium
67%
RyazanREconstruction
67%
fn(ArcaeaSoundTeam)Red and Blue and Green
67%
Sound SoulerReinvent
67%
REDALiCE vs KobaryoREKKA RESONANCE
67%
ikaruga_nexReviXy
67%
SoleilySilent Rush
67%
テヅカ x Aoi feat.桃雛なのSmall Cloud Sugar Candy
67%
C-ShowStratoliner
67%
karatoPanchii feat. はるのSummer Fireworks of Love
67%
JunkThe Formula
67%
TaishiThe Survivor (Game Edit)
67%
aran vs Massive New KrewTHE ULTIMACY
67%
xi + StaTiferet
67%
ii/night feat. 綺良雪To the Furthest Dream
67%
sleepless, Gardens, AspectTransient Space
67%
s-don vs. 翡乃イスカ
Trrricksters!!
67%
幽閉サテライトTsuki ni Murakumo, Hana ni Kaze
67%
Aoiγuarδina
67%
ぱらどっとUltimate taste
67%
KIVΛUsed to be
67%
Juggernaut.Valhalla:0
67%
LaurViyella's Tears
67%
t+pazolite & Massive New Krew feat. リリィ(CV:青木志貴)with U
67%
void (Mournfinale)World Vanquisher
67%
BlackYXeraphinite
67%
USAOXTREME
67%
PSYQUIYour voice so... feat. Such
67%
MYUKKE.AI[UE]OON
33%
Masanori AkitaAlice à la mode
33%
Endorfin.Alice's Suitcase
33%
Ponchi♪ feat.はぁちAlone & Lorn
33%
cubesatoApril showers
33%
NoahAstral tale
33%
ginkihaAuxesia
33%
からとP⍺ոchii少年 feat.はるのA Wandering Melody of Love
33%
PSYQUIBe There
33%
MameyudoufuCall My Name feat. Yukacco
33%
かゆきcarmine:scythe
33%
7maiChelsea
33%
Sampling Masters MEGADazzle hop
33%
MameyudoufuDot to Dot feat. shully
33%
Mastermind (xi + nora2r)Dreadnought
33%
Tiny MinimDream goes on
33%
翡乃イスカDreamin' Attraction!!
33%
IOSYS TRAX (uno with ちよこ)DX Choseinou Full Metal Shojo
33%
YamajetEccentric Tale
33%
TaishiFaint Light (Arcaea Edit)
33%
SilentroomFallensquare
33%
MystekaFeels So Right feat. Renko
33%
KobaryoGalaxy Friends
33%
アリスシャッハと魔法の楽団Give Me A Nightmare
33%
StaHall of Mirrors
33%
MIssionaryImpure Bird
33%
Rasmus FaberJump
33%
sky_deltaLazy Addiction
33%
THE SHAFTLinear Accelerator
33%
REDALiCEMERLIN
33%
INNOCENT NOIZEMetallic Punisher
33%
Aoi vs. siqloMirzam
33%
HiTECH NINJAModelista
33%
t+pazoliteOMAKENO Stroke
33%
TQ☆Oracle
33%
U-ske (feat. lueur)Romance Wars
33%
Daisuke KurosawaScarlet Cage
33%
MASAKI (ZUNTATA)Scarlet Lance
33%
MYTKSenkyou
33%
JunkSpecta
33%
RasSTAGER (ALL STAGE CLEAR)
33%
voidSurrender
33%
owl*treeTeriqma
33%
溝口ゆうま feat. 大瀬良あいTie me down gently
33%
ak+qVivid Theory
33%
Miliworld.execute(me);
33%
TatshXanatos
33%

Score Distribution

Percentile by Number Answered

Percent of People with Each Score

Your Score History

You have not taken this quiz since the last reset